000 00564nam a2200193Ia 4500
999 _c7586
_d7586
003 OSt
005 20200117112149.0
008 190216s9999||||xx |||||||||||||| ||und||
020 _a9788173816079
040 _coclc
082 _a657.95
_bPAU/C
100 _aPaul, S Kr
_91241
245 0 _aCorporate Accounting Vol - 2 /
_cS Kr Paul ; Chandrani Paul
250 _a2nd ed.
260 _bNew Central Book Agencies,
_c2009.
_aLondon:
300 _a680p
700 _91242
_aPaul, Chandrani
942 _cBK
_2ddc
_h657.95
_iPAU/C
_k657.95
_mPAU/C